[Event "PRO League KO Stage 2019"]
[Site "chess.com INT"]
[Date "2019.03.27"]
[Round "2"]
[White "Li, Chao b"]
[Black "Corrales Jimenez, Fidel"]
[Result "1-0"]
[WhiteTitle "GM"]
[BlackTitle "GM"]
[WhiteElo "2699"]
[BlackElo "2563"]
[WhiteTeam "Chengdu Pandas"]
[BlackTeam "Minnesota Blizzard"]
[WhiteFideId "8604436"]
[BlackFideId "3506690"]
[EventDate "2019.03.19"]

1. d4 Nf6 2. c4 g6 3. Nc3 d5 4. cxd5 Nxd5 5. g3 Bg7 6. Bg2 Nb6 7. Nf3 O-O 8. O-O
Nc6 9. d5 Ne5 10. Nxe5 Bxe5 11. Bh6 Re8 12. Rc1 a6 13. e4 e6 14. f4 Bh8 15. e5
exd5 16. Nxd5 Nxd5 17. Qxd5 Qxd5 18. Bxd5 c6 19. Bb3 Bg7 20. Bg5 h6 21. Bh4 Be6
22. Bxe6 Rxe6 23. Rcd1 g5 24. fxg5 hxg5 25. Bxg5 Rxe5 26. Bf6 Bxf6 27. Rxf6 Rae8
28. Rd7 R8e7 29. Rxe7 Rxe7 30. Kf2 Re4 31. Rd6 Rb4 32. b3 a5 33. Ke3 a4 34. Rd4
Rb5 35. Rxa4 Kg7 36. Rg4+ Kf6 37. Rf4+ Kg6 38. h4 Ra5 39. a4 b5 40. Rg4+ Kf6 41.
Rg5 Ke6 42. g4 f6 43. Rc5 Kd6 44. Rf5 Ke6 45. h5 Ra8 46. axb5 Ra3 47. bxc6 Rxb3+
48. Kd4 Rb4+ 49. Kc5 Rxg4 50. c7 Kd7 51. Rxf6 Kxc7 52. Rf7+ Kd8 53. h6 Ke8 54.
h7 Rh4 55. Rg7 1-0

[Event "PRO League KO Stage 2019"]
[Site "chess.com INT"]
[Date "2019.03.27"]
[Round "2"]
[White "Wang, Yue"]
[Black "Henriquez Villagra, Cristobal"]
[Result "1-0"]
[WhiteTitle "GM"]
[BlackTitle "GM"]
[WhiteElo "2684"]
[BlackElo "2522"]
[WhiteTeam "Chengdu Pandas"]
[BlackTeam "Minnesota Blizzard"]
[WhiteFideId "8601429"]
[BlackFideId "3409350"]
[EventDate "2019.03.19"]

1. Nf3 Nf6 2. c4 g6 3. Nc3 Bg7 4. g3 O-O 5. Bg2 Nc6 6. d4 d6 7. d5 Nb8 8. O-O e5
9. e4 a5 10. Ne1 Na6 11. Nd3 Nd7 12. Be3 Ndc5 13. Nxc5 Nxc5 14. Qd2 b6 15. f4 f5
16. fxe5 Bxe5 17. Bd4 Bxd4+ 18. Qxd4 Qf6 19. Qxf6 Rxf6 20. Nb5 Bd7 21. Nxc7 Rc8
22. Ne6 Nxe6 23. dxe6 Bxe6 24. b3 Kf7 25. Rad1 Ke7 26. Rfe1 Rc5 27. exf5 gxf5
28. Rd4 Re5 29. Red1 Bf7 30. Kf2 Rh6 31. h3 Bh5 32. R1d2 Rhe6 33. Rh4 Bg6 34.
Bd5 Rf6 35. Bf3 Kd7 36. Rhd4 Kc7 37. Rh4 Rfe6 38. Re2 Rxe2+ 39. Bxe2 Kc6 40. Rd4
Re5 41. Bf3+ Kc5 42. Rh4 a4 43. bxa4 Re7 44. Rf4 Ra7 45. Bd1 Re7 46. Bc2 Re5 47.
h4 h5 48. Bd1 Re4 49. Be2 Rxf4+ 50. gxf4 Kd4 51. Kf3 Bf7 52. Kf2 Ke4 53. Kg3 Ke3
54. Bf3 Kd3 55. Bd1 Kd2 56. Bb3 Be8 57. Kf2 Bc6 58. a3 Be4 59. a5 bxa5 60. Ba4
Bc2 61. Be8 Bd1 62. Bd7 Bg4 63. Bb5 Be2 64. Be8 Bd1 65. Bd7 Bg4 66. Bb5 Be2 67.
Be8 Bxc4 68. Bxh5 d5 69. Bg6 d4 70. h5 Kc3 71. h6 d3 72. h7 d2 73. h8=Q+ 1-0

[Event "PRO League KO Stage 2019"]
[Site "chess.com INT"]
[Date "2019.04.02"]
[Round "2"]
[White "Sargsyan, Anna M."]
[Black "Jobava, Baadur"]
[Result "0-1"]
[WhiteTitle "WFM"]
[BlackTitle "GM"]
[WhiteElo "2340"]
[BlackElo "2622"]
[WhiteTeam "Armenia Eagles"]
[BlackTeam "Tbilisi Gentlemen"]
[WhiteFideId "13308130"]
[BlackFideId "13601520"]
[EventDate "2019.03.19"]

1. d4 Nf6 2. c4 g6 3. g3 Bg7 4. Bg2 O-O 5. Nc3 d6 6. Nf3 Nbd7 7. O-O e5 8. e4 a6
9. Re1 c6 10. h3 Re8 11. Be3 b5 12. cxb5 cxb5 13. a3 Bb7 14. d5 Rc8 15. Nd2 Nb6
16. Rc1 Nfd7 17. b4 f5 18. Qb3 Qf6 19. Ne2 Qf7 20. Bxb6 Nxb6 21. Qe3 Na4 22. f3
f4 23. gxf4 exf4 24. Qf2 Nb2 25. Qb6 Nd3 26. Rxc8 Rxc8 27. Rd1 Rc2 28. Nd4 Qc7
29. Qxc7 Bxd4+ 30. Kh2 Rxc7 31. Nb3 Bb2 32. Rxd3 Bxa3 33. Nd4 Bxb4 34. Ne6 Rc3
35. Rd1 a5 36. Nd4 Rc5 37. Ne6 Rc2 38. Rb1 Bc8 39. Nd4 Rc4 40. Nxb5 Bd7 41. Na7
Kf7 42. Bf1 Rc2+ 43. Kh1 Kf6 44. Nb5 Ke5 45. Ra1 Bxb5 46. Bxb5 Rf2 47. Rf1 Rxf1+
48. Bxf1 a4 49. Bc4 a3 50. Ba2 Kd4 51. Kg2 Kc3 52. h4 h5 0-1

[Event "PRO League KO Stage 2019"]
[Site "chess.com INT"]
[Date "2019.04.02"]
[Round "2"]
[White "Sargsyan, Shant"]
[Black "Pantsulaia, Levan"]
[Result "1-0"]
[WhiteTitle "IM"]
[BlackTitle "GM"]
[WhiteElo "2488"]
[BlackElo "2611"]
[WhiteTeam "Armenia Eagles"]
[BlackTeam "Tbilisi Gentlemen"]
[WhiteFideId "13306766"]
[BlackFideId "13602071"]
[EventDate "2019.03.19"]

1. d4 Nf6 2. Nf3 c5 3. d5 g6 4. Nc3 Bg7 5. e4 d6 6. Bb5+ Nfd7 7. a4 Na6 8. O-O
Nc7 9. Re1 Nxb5 10. axb5 O-O 11. Bf4 Nb6 12. Qe2 Bg4 13. h3 Bxf3 14. Qxf3 Nc4
15. Ra2 Qd7 16. Rea1 f5 17. Qe2 fxe4 18. Bc1 Qf5 19. Rxa7 Rxa7 20. Rxa7 Bxc3 21.
bxc3 Qxd5 22. Ra4 Nb6 23. Rxe4 Nc8 24. c4 Qf5 25. Bh6 Rf7 26. Rf4 Qe5 27. Rxf7
Kxf7 28. Qf3+ Qf5 29. Qxb7 g5 30. g4 Qe5 31. Bxg5 Nb6 32. Bxe7 Qxe7 33. Qxb6
Qe1+ 34. Kg2 Qe4+ 35. Kg3 Qe5+ 36. Kf3 Qc3+ 37. Kg2 Qxc4 38. Qb7+ Ke6 39. b6
Qxc2 40. Qc6 Ke5 41. b7 Qb1 42. Qe8+ 1-0

[Event "PRO League KO Stage 2019"]
[Site "chess.com INT"]
[Date "2019.04.02"]
[Round "2"]
[White "Quparadze, Giga"]
[Black "Martirosyan, Haik M."]
[Result "1/2-1/2"]
[WhiteTitle "GM"]
[BlackTitle "GM"]
[WhiteElo "2501"]
[BlackElo "2616"]
[WhiteTeam "Tbilisi Gentlemen"]
[BlackTeam "Armenia Eagles"]
[WhiteFideId "13602250"]
[BlackFideId "13306553"]
[EventDate "2019.03.19"]

1. e4 e5 2. Nf3 Nc6 3. d4 exd4 4. Bc4 Nf6 5. e5 d5 6. Bb5 Ne4 7. Nxd4 Bd7 8.
Bxc6 bxc6 9. Be3 Be7 10. f3 Nc5 11. O-O O-O 12. c4 Rb8 13. Qc2 Ne6 14. Nxe6 Bxe6
15. Bxa7 Rb4 16. cxd5 Qxd5 17. Nc3 Qxe5 18. Rae1 Qh5 19. Bf2 Bd6 20. Bg3 Bc5+
21. Kh1 Bc4 22. a3 Rbb8 23. Ne2 Ba6 24. Nf4 Qg5 25. Nh3 Qh5 26. Re5 Qg6 27. Qxg6
hxg6 28. Rd1 Bd6 29. Ra5 Be2 30. Rd2 Rfe8 31. Ng5 Bc4 32. Ne4 Bd5 33. Nxd6 cxd6
34. h4 Re6 35. b4 Bc4 36. Rxd6 Rxd6 37. Bxd6 Rd8 38. Bc5 Rd2 39. Kg1 Rd1+ 40.
Kh2 Rd2 41. Be3 Ra2 42. Kg3 Bf1 43. Bf2 Bb5 44. Ra8+ Kh7 45. Ra7 Kg8 46. Bc5 Bf1
47. Bf2 Bb5 48. Ra8+ Kh7 49. Rf8 Bc4 50. Rc8 Bb5 51. Ra8 Ra1 52. Ra7 Kg8 53. f4
Ra2 54. Kf3 Be2+ 55. Kg3 Bb5 56. Ra8+ Kh7 57. Ra5 Kg8 58. Kf3 Be2+ 59. Kg3 Bb5
60. Kf3 Be2+ 61. Kg3 1/2-1/2

[Event "PRO League KO Stage 2019"]
[Site "chess.com INT"]
[Date "2019.04.02"]
[Round "2"]
[White "Volkov, Nika"]
[Black "Andriasian, Zaven"]
[Result "0-1"]
[BlackTitle "GM"]
[WhiteElo "2153"]
[BlackElo "2600"]
[WhiteTeam "Tbilisi Gentlemen"]
[BlackTeam "Armenia Eagles"]
[WhiteFideId "13604376"]
[BlackFideId "13302000"]
[EventDate "2019.03.19"]

1. d4 d6 2. Nf3 Bg4 3. e3 Nf6 4. Be2 g6 5. O-O Bg7 6. c4 O-O 7. h3 Bf5 8. Nc3 c6
9. b3 d5 10. Ba3 Nbd7 11. Ne5 Nxe5 12. dxe5 Ne4 13. Nxe4 dxe4 14. Qxd8 Rfxd8 15.
Rad1 Bxe5 16. Bxe7 Re8 17. Bc5 a5 18. g4 Be6 19. Bb6 a4 20. b4 a3 21. Bd4 Bg7
22. Bxg7 Kxg7 23. Rd4 Ra4 24. Rb1 f5 25. gxf5 gxf5 26. Bd1 Raa8 27. Bb3 Red8 28.
Rbd1 Rxd4 29. Rxd4 Kf6 30. f4 exf3 31. Kf2 Ke5 32. Kxf3 b5 33. Ke2 Rb8 34. Kd2
bxc4 35. Bc2 Rxb4 36. Kc3 Rb2 37. Rh4 Rxa2 38. Rxh7 Ra1 39. Ra7 a2 40. Ra5+ Bd5
41. h4 Re1 42. Rxa2 Rxe3+ 43. Kb4 Rh3 44. Kc5 Rh2 45. h5 c3 0-1

[Event "PRO League KO Stage 2019"]
[Site "chess.com INT"]
[Date "2019.04.02"]
[Round "2"]
[White "Jobava, Baadur"]
[Black "Sargsyan, Shant"]
[Result "0-1"]
[WhiteTitle "GM"]
[BlackTitle "IM"]
[WhiteElo "2622"]
[BlackElo "2488"]
[WhiteTeam "Tbilisi Gentlemen"]
[BlackTeam "Armenia Eagles"]
[WhiteFideId "13601520"]
[BlackFideId "13306766"]
[EventDate "2019.03.19"]

1. d4 d5 2. Nc3 Nf6 3. Bf4 a6 4. e3 e6 5. a3 c5 6. h3 Nc6 7. Nf3 b5 8. Bd3 c4 9.
Be2 Bd6 10. O-O O-O 11. Re1 Bb7 12. Qd2 Re8 13. Bg5 h6 14. Bxf6 Qxf6 15. e4 Bf4
16. Qd1 dxe4 17. Nxe4 Qe7 18. Nc5 Rad8 19. c3 Bc8 20. Bf1 Bd6 21. Ne4 Bb8 22. b3
cxb3 23. Qxb3 Qc7 24. a4 b4 25. Rac1 Qa5 26. Re3 Bf4 27. cxb4 Qb6 28. a5 Qb7 29.
Rc5 Bxe3 30. Qxe3 Nxb4 31. Nf6+ gxf6 32. Qxh6 Nd5 33. Bd3 f5 34. Qg5+ Kf8 35.
Qh6+ Ke7 36. Ne5 Rg8 37. Bf1 Bd7 38. Qh4+ Ke8 39. Qh7 Rf8 40. Qg7 Qb1 41. h4 Rc8
42. Rxc8+ Bxc8 43. h5 Nf4 44. f3 Qe1 45. g3 Nxh5 46. Qh6 Qxg3+ 47. Kh1 Qh4+ 0-1

[Event "PRO League KO Stage 2019"]
[Site "chess.com INT"]
[Date "2019.04.02"]
[Round "2"]
[White "Pantsulaia, Levan"]
[Black "Sargsyan, Anna M."]
[Result "1/2-1/2"]
[WhiteTitle "GM"]
[BlackTitle "WFM"]
[WhiteElo "2611"]
[BlackElo "2340"]
[WhiteTeam "Tbilisi Gentlemen"]
[BlackTeam "Armenia Eagles"]
[WhiteFideId "13602071"]
[BlackFideId "13308130"]
[EventDate "2019.03.19"]

1. c4 c6 2. g3 d5 3. Bg2 Nf6 4. Nf3 g6 5. b3 Bg7 6. Bb2 O-O 7. d3 Bg4 8. Nbd2
Nbd7 9. O-O Re8 10. Rc1 e5 11. cxd5 cxd5 12. h3 Bxf3 13. Nxf3 Qb6 14. Rc2 e4 15.
dxe4 dxe4 16. Nd2 Qa6 17. Nxe4 Nxe4 18. Bxg7 Kxg7 19. Qxd7 Rad8 20. Qg4 Nd2 21.
Re1 Qa5 22. b4 Qa4 23. Rec1 h5 24. Qf4 Rxe2 25. Rc7 Rd7 26. Rxd7 Qxd7 27. Rc7
Qe6 28. Rxb7 Re1+ 29. Kh2 Nf1+ 30. Bxf1 Rxf1 31. Qd4+ Qf6 32. Qxf6+ Kxf6 33. Kg2
Rb1 34. a3 a5 35. Rb6+ Kg7 36. bxa5 Ra1 37. Rb3 Rc1 38. Rb4 Rc6 39. Kf3 Rc3+ 40.
Ke4 Rxa3 41. Rb6 Rxa5 1/2-1/2

[Event "PRO League KO Stage 2019"]
[Site "chess.com INT"]
[Date "2019.04.02"]
[Round "2"]
[White "Martirosyan, Haik M."]
[Black "Volkov, Nika"]
[Result "1-0"]
[WhiteTitle "GM"]
[WhiteElo "2616"]
[BlackElo "2153"]
[WhiteTeam "Armenia Eagles"]
[BlackTeam "Tbilisi Gentlemen"]
[WhiteFideId "13306553"]
[BlackFideId "13604376"]
[EventDate "2019.03.19"]

1. d4 d5 2. Nf3 Nf6 3. c4 e6 4. g3 Be7 5. Bg2 O-O 6. O-O dxc4 7. Qc2 a6 8. a4
Nbd7 9. Qxc4 b5 10. Qb3 bxa4 11. Qxa4 Bb7 12. Rd1 c5 13. Nc3 Qb6 14. Be3 Rfd8
15. Qc2 Rac8 16. Na4 Qb5 17. dxc5 Be4 18. Qc1 Qb7 19. Nc3 Bc6 20. Ra5 Ng4 21.
Bg5 f6 22. Be3 e5 23. Ne1 Bxg2 24. Nxg2 Nxe3 25. Nxe3 Nxc5 26. Rxd8+ Bxd8 27.
Ra3 Ne4 28. Qd1 Qxb2 29. Qd7 Qxa3 30. Qe6+ Kf8 31. Qxc8 Nxc3 32. Qxd8+ Kf7 33.
Qc7+ Kg6 34. Qc4 Nb5 35. Nd5 Qa1+ 36. Kg2 Qd4 37. Ne7+ Kg5 38. h4+ 1-0

[Event "PRO League KO Stage 2019"]
[Site "chess.com INT"]
[Date "2019.04.02"]
[Round "2"]
[White "Andriasian, Zaven"]
[Black "Quparadze, Giga"]
[Result "1-0"]
[WhiteTitle "GM"]
[BlackTitle "GM"]
[WhiteElo "2600"]
[BlackElo "2501"]
[WhiteTeam "Armenia Eagles"]
[BlackTeam "Tbilisi Gentlemen"]
[WhiteFideId "13302000"]
[BlackFideId "13602250"]
[EventDate "2019.03.19"]

1. e4 c5 2. Nf3 e6 3. d4 cxd4 4. Nxd4 a6 5. Bd3 Ne7 6. O-O g6 7. a4 Bg7 8. Nb3
Nbc6 9. a5 d5 10. Nc3 O-O 11. Qe2 d4 12. Nb1 e5 13. N1d2 Be6 14. Nc5 Nxa5 15.
Nxe6 fxe6 16. b4 Nac6 17. Rb1 b5 18. Ba3 Nc8 19. Nb3 Rf6 20. Nc5 Bf8 21. f4 Bxc5
22. bxc5 Rxf4 23. g3 Rxf1+ 24. Rxf1 Ra7 25. Qg4 Qe8 26. h4 Rf7 27. Ra1 Kh8 28.
Bc1 Nb8 29. Qg5 Nc6 30. Rxa6 N8a7 31. Bd2 Qf8 32. Qg4 Rf2 33. Bf4 Rxc2 34. Bxc2
Qxc5 35. Qg5 Qxc2 36. Qf6+ Kg8 37. Bh6 Qd1+ 38. Kh2 Qc2+ 39. Kh3 1-0

[Event "PRO League KO Stage 2019"]
[Site "chess.com INT"]
[Date "2019.04.02"]
[Round "2"]
[White "Sargsyan, Anna M."]
[Black "Quparadze, Giga"]
[Result "1-0"]
[WhiteTitle "WFM"]
[BlackTitle "GM"]
[WhiteElo "2340"]
[BlackElo "2501"]
[WhiteTeam "Armenia Eagles"]
[BlackTeam "Tbilisi Gentlemen"]
[WhiteFideId "13308130"]
[BlackFideId "13602250"]
[EventDate "2019.03.19"]

1. d4 Nf6 2. c4 e6 3. Nf3 b6 4. g3 Bb7 5. Bg2 g6 6. O-O Bg7 7. Nc3 d5 8. Ne5 O-O
9. Bf4 Nbd7 10. Rc1 c6 11. cxd5 cxd5 12. Nxd7 Qxd7 13. Be5 Rfc8 14. e3 Ba6 15.
Re1 h5 16. Qf3 Ng4 17. Bxg7 Kxg7 18. h3 Nf6 19. Bf1 Bxf1 20. Rxf1 b5 21. a3 a5
22. e4 b4 23. e5 Ng8 24. Ne2 Qb5 25. Nf4 bxa3 26. bxa3 Qb2 27. Rb1 Rc3 28. Qxd5
Qxf2+ 29. Rxf2 exd5 30. Rb7 Nh6 31. e6 Rxa3 32. exf7 Nf5 33. Ne6+ Kf6 34. f8=Q+
Rxf8 35. Nxf8 Rxg3+ 36. Kh2 Re3 37. Rb6+ Kg7 38. Rxg6+ Kxf8 39. Rxf5+ Ke7 40.
Re5+ 1-0

[Event "PRO League KO Stage 2019"]
[Site "chess.com INT"]
[Date "2019.04.02"]
[Round "2"]
[White "Pantsulaia, Levan"]
[Black "Andriasian, Zaven"]
[Result "1-0"]
[WhiteTitle "GM"]
[BlackTitle "GM"]
[WhiteElo "2611"]
[BlackElo "2600"]
[WhiteTeam "Tbilisi Gentlemen"]
[BlackTeam "Armenia Eagles"]
[WhiteFideId "13602071"]
[BlackFideId "13302000"]
[EventDate "2019.03.19"]

1. c4 e5 2. g3 Nc6 3. Bg2 Nf6 4. Nc3 Bb4 5. Nd5 O-O 6. e3 Nxd5 7. cxd5 Ne7 8.
Nf3 Bd6 9. Ng5 h6 10. Ne4 Bb4 11. a3 Ba5 12. b4 Bb6 13. Bb2 d6 14. d4 exd4 15.
Bxd4 Nxd5 16. Rc1 Bxd4 17. Qxd4 Ne7 18. O-O Bd7 19. Nd2 Bc6 20. Bxc6 Nxc6 21.
Qd5 Rb8 22. Nb3 Re8 23. Rfd1 Ne5 24. h3 Qd7 25. Kg2 a6 26. Rc3 Qe7 27. a4 Red8
28. f4 Ng6 29. b5 axb5 30. axb5 c6 31. bxc6 bxc6 32. Qxc6 d5 33. Nd4 Rb2+ 34.
Rc2 Qe4+ 35. Kf2 Rxc2+ 36. Qxc2 Qe8 37. h4 Nf8 38. g4 Rc8 39. Qf5 Rc3 40. Re1
Qd7 41. h5 Ne6 42. Ra1 Qb7 43. Rb1 Qc8 44. Nxe6 fxe6 45. Qe5 Kh7 46. g5 hxg5 47.
fxg5 Qf8+ 48. Kg3 Rc2 49. Qf4 Qxf4+ 50. exf4 Rc8 51. Rb7 Kg8 52. Re7 Rc6 53. g6
Kf8 54. Rf7+ Kg8 55. Rd7 Rc8 56. Rd6 Re8 57. Kg4 Kf8 58. Rd7 Re7 59. Rd6 Re8 60.
Kg5 e5 61. f5 e4 62. Rd7 e3 63. h6 gxh6+ 64. Kxh6 e2 65. f6 Rc8 66. g7+ Ke8 67.
Re7+ 1-0

[Event "PRO League KO Stage 2019"]
[Site "chess.com INT"]
[Date "2019.04.02"]
[Round "2"]
[White "Jobava, Baadur"]
[Black "Martirosyan, Haik M."]
[Result "0-1"]
[WhiteTitle "GM"]
[BlackTitle "GM"]
[WhiteElo "2622"]
[BlackElo "2616"]
[WhiteTeam "Tbilisi Gentlemen"]
[BlackTeam "Armenia Eagles"]
[WhiteFideId "13601520"]
[BlackFideId "13306553"]
[EventDate "2019.03.19"]

1. d4 Nf6 2. Nc3 d5 3. Bf4 a6 4. e3 c5 5. dxc5 e6 6. Na4 Bxc5 7. Nxc5 Qa5+ 8. c3
Qxc5 9. Nf3 O-O 10. Bd3 Qe7 11. h4 Nbd7 12. Bg5 h6 13. Qc2 b5 14. O-O-O b4 15.
c4 Bb7 16. Kb1 Rfc8 17. Qe2 dxc4 18. Bxc4 hxg5 19. hxg5 Ne4 20. Rxd7 Qxd7 21.
Ne5 Qc7 22. Qh5 Kf8 23. Qh8+ Ke7 24. Qxg7 Nd2+ 25. Ka1 Nxc4 26. Nxf7 Rg8 27.
Qf6+ Ke8 28. Rh7 Qd7 29. Nd6+ Nxd6 30. Rxd7 Kxd7 31. f3 Rac8 32. Kb1 Rc5 33. g6
Rf5 34. Qh4 Rg7 35. Kc2 a5 36. e4 Rc5+ 37. Kd3 Ba6+ 38. Ke3 Nc4+ 39. Kf2 Ne5 40.
g4 Rxg6 41. Qh7+ Kc6 42. Qh8 Kb7 43. Qe8 Rc7 44. Ke3 Rf6 45. f4 Nxg4+ 46. Kf3
Ne5+ 47. Ke3 Nc4+ 48. Kf3 Rcf7 49. f5 Nd6 50. Qd8 Nxf5 51. Qxa5 Nd4+ 52. Ke3 Nc6 0-1

[Event "PRO League KO Stage 2019"]
[Site "chess.com INT"]
[Date "2019.04.02"]
[Round "2"]
[White "Sargsyan, Shant"]
[Black "Volkov, Nika"]
[Result "1-0"]
[WhiteTitle "IM"]
[WhiteElo "2488"]
[BlackElo "2153"]
[WhiteTeam "Armenia Eagles"]
[BlackTeam "Tbilisi Gentlemen"]
[WhiteFideId "13306766"]
[BlackFideId "13604376"]
[EventDate "2019.03.19"]

1. e4 e6 2. d4 d5 3. Nd2 c5 4. Ngf3 Nc6 5. exd5 exd5 6. Bb5 Nf6 7. O-O Be7 8.
dxc5 Bxc5 9. Qe2+ Be6 10. Nb3 Bb6 11. Nbd4 Qc8 12. Be3 Bxd4 13. Bxd4 Ne4 14.
Bxg7 Rg8 15. Be5 f6 16. Bg3 Kf7 17. c4 a6 18. cxd5 Bxd5 19. Bc4 Qe6 20. Bxd5
Qxd5 21. Rad1 Qe6 22. Ne5+ fxe5 23. Qxe4 Rg6 24. f4 exf4 25. Qxf4+ Kg8 26. Rd6
Qe8 27. Re1 Qf8 28. Qc4+ Qf7 29. Qxf7+ Kxf7 30. Rd7+ Kg8 31. Rxb7 Rd8 32. b4 Rg4
33. a3 h5 34. Rb6 Nd4 35. Rh6 Rd5 36. Re8+ Kg7 37. Rd6 Rxd6 38. Bxd6 Nb5 39.
Be5+ Kf7 40. Ra8 Nxa3 41. Rxa6 Nc4 42. Bc3 Ne3 43. g3 h4 44. Rf6+ Ke7 45. Rf4
Rxf4 46. gxf4 Nd5 47. Bd2 Nc7 48. Kf2 Ke6 49. Kf3 Kf5 50. Be1 h3 51. Kg3 Nb5 52.
Bd2 Nd4 53. Kxh3 Nb5 54. Kg3 Nd6 55. Kf3 Nc4 56. Bc1 Nd6 57. h4 Nb5 58. Be3 Nc3
59. h5 Nb5 60. h6 Kg6 61. f5+ Kh7 62. Ke4 1-0

[Event "PRO League KO Stage 2019"]
[Site "chess.com INT"]
[Date "2019.04.02"]
[Round "2"]
[White "Martirosyan, Haik M."]
[Black "Pantsulaia, Levan"]
[Result "0-1"]
[WhiteTitle "GM"]
[BlackTitle "GM"]
[WhiteElo "2616"]
[BlackElo "2611"]
[WhiteTeam "Armenia Eagles"]
[BlackTeam "Tbilisi Gentlemen"]
[WhiteFideId "13306553"]
[BlackFideId "13602071"]
[EventDate "2019.03.19"]

1. d4 Nf6 2. Nf3 c5 3. d5 g6 4. Nc3 Bg7 5. e4 O-O 6. Be2 d6 7. O-O Bg4 8. h3
Bxf3 9. Bxf3 Na6 10. Be2 Nc7 11. a4 a6 12. a5 Nb5 13. Bxb5 axb5 14. Nxb5 Rxa5
15. Rxa5 Qxa5 16. Nc3 b5 17. Qe2 b4 18. Nb1 Nd7 19. Nd2 Nb6 20. h4 Ra8 21. h5
Qa2 22. Nf3 Qc4 23. Qe3 Qxc2 24. Qf4 Bf6 25. hxg6 hxg6 26. g3 b3 27. Kg2 Ra4 28.
Rh1 Qxe4 29. Qh6 Nxd5 30. Qh7+ Kf8 31. Bh6+ Ke8 32. Qg8+ Kd7 33. Qxf7 Bxb2 34.
Rh4 Qf5 35. Qxf5+ gxf5 36. Rxa4 Bc3 37. Rh4 b2 38. Rh1 c4 39. Rb1 Bf6 40. Ne1
Nb4 41. f3 c3 42. g4 fxg4 43. fxg4 c2 44. Nxc2 Nxc2 45. g5 Bc3 46. g6 Na3 47.
Rxb2 Bxb2 48. Bc1 Bf6 49. Bxa3 Ke6 50. Kf3 Kf5 51. Bb4 Kxg6 52. Ke4 Kf7 53. Kd5
Be5 54. Ba3 e6+ 55. Ke4 Kf6 56. Bb4 d5+ 57. Kd3 Kf5 58. Be7 Bf6 0-1

[Event "PRO League KO Stage 2019"]
[Site "chess.com INT"]
[Date "2019.04.02"]
[Round "2"]
[White "Quparadze, Giga"]
[Black "Sargsyan, Shant"]
[Result "1/2-1/2"]
[WhiteTitle "GM"]
[BlackTitle "IM"]
[WhiteElo "2501"]
[BlackElo "2488"]
[WhiteTeam "Tbilisi Gentlemen"]
[BlackTeam "Armenia Eagles"]
[WhiteFideId "13602250"]
[BlackFideId "13306766"]
[EventDate "2019.03.19"]

1. e4 c6 2. d4 d5 3. Nc3 dxe4 4. Nxe4 Nd7 5. Bd3 Ngf6 6. Ng5 e6 7. N1f3 Bd6 8.
Qe2 h6 9. Ne4 Nxe4 10. Qxe4 Qc7 11. Bd2 b6 12. O-O-O Bb7 13. Qe2 O-O-O 14. Ba6
Rhe8 15. Bxb7+ Kxb7 16. Bc3 Nf6 17. Kb1 Nd5 18. Bd2 Nf4 19. Bxf4 Bxf4 20. g3 Bd6
21. Ne5 Bxe5 22. dxe5 Rxd1+ 23. Rxd1 Rd8 24. Rxd8 Qxd8 25. Qf3 Qd7 26. a4 a5 27.
b3 Ka6 28. h4 Qd4 29. Qxf7 Qd1+ 30. Kb2 Qd4+ 31. Ka2 Qe4 32. Kb1 Qe1+ 33. Ka2
Qe4 34. Kb1 1/2-1/2

[Event "PRO League KO Stage 2019"]
[Site "chess.com INT"]
[Date "2019.04.02"]
[Round "2"]
[White "Volkov, Nika"]
[Black "Sargsyan, Anna M."]
[Result "1-0"]
[BlackTitle "WFM"]
[WhiteElo "2153"]
[BlackElo "2340"]
[WhiteTeam "Tbilisi Gentlemen"]
[BlackTeam "Armenia Eagles"]
[WhiteFideId "13604376"]
[BlackFideId "13308130"]
[EventDate "2019.03.19"]

1. d4 d6 2. Nf3 Bg4 3. e3 g6 4. Bc4 e6 5. h3 Bxf3 6. Qxf3 d5 7. Bd3 Bg7 8. O-O
c6 9. b3 Ne7 10. c4 e5 11. cxd5 cxd5 12. Bb5+ Nbc6 13. Bb2 e4 14. Qe2 O-O 15. f3
exf3 16. Qxf3 Qb6 17. Nc3 Rad8 18. Kh1 a6 19. Bd3 Qc7 20. Rac1 Qd6 21. Nb1 Qe6
22. Ba3 Rfe8 23. Nc3 b5 24. Ne2 b4 25. Bb2 a5 26. Nf4 Qd6 27. Rc5 Ne5 28. dxe5
Qxc5 29. Nh5 Rf8 30. Bd4 Qc6 31. Nxg7 Kxg7 32. Qf6+ Kg8 33. e6 1-0

[Event "PRO League KO Stage 2019"]
[Site "chess.com INT"]
[Date "2019.04.02"]
[Round "2"]
[White "Klek, Hanna Marie"]
[Black "Hammer, Jon Ludvig"]
[Result "0-1"]
[WhiteTitle "WGM"]
[BlackTitle "GM"]
[WhiteElo "2313"]
[BlackElo "2650"]
[WhiteTeam "Baden-Baden Snowballs"]
[BlackTeam "Norway Gnomes"]
[WhiteFideId "24670057"]
[BlackFideId "1503707"]
[EventDate "2019.03.19"]

1. e4 c6 2. d4 d5 3. e5 Bf5 4. h4 h6 5. g4 Bd7 6. h5 Qc8 7. Be2 e6 8. Be3 c5 9.
c3 a6 10. Nd2 Bb5 11. Bxb5+ axb5 12. dxc5 Bxc5 13. Bxc5 Qxc5 14. Nb3 Qc4 15. Qe2
Nc6 16. Nd2 Qxe2+ 17. Nxe2 Nxe5 18. Nd4 Nxg4 19. Nxb5 Kf8 20. a4 Ne5 21. Ke2 Nf6
22. b4 Ke7 23. a5 Rhc8 24. Rag1 Kf8 25. Rh3 Ned7 26. f4 b6 27. axb6 Nxb6 28. Nd4
Ra2 29. Kd3 Na4 30. Nb1 Ne4 0-1